<?xml version="1.0" encoding="UTF-8"?>
<record
    xmlns:xsi="http://www.w3.org/2001/XMLSchema-instance"
    xsi:schemaLocation="http://www.loc.gov/MARC21/slim http://www.loc.gov/standards/marcxml/schema/MARC21slim.xsd"
    xmlns="http://www.loc.gov/MARC21/slim">

  <leader>03395nam a2200385 a 4500</leader>
  <controlfield tag="001">ebr10484783</controlfield>
  <controlfield tag="003">CaPaEBR</controlfield>
  <controlfield tag="006">m        u        </controlfield>
  <controlfield tag="007">cr cn|||||||||</controlfield>
  <controlfield tag="008">110324s2011    inua    s     001 0 eng d</controlfield>
  <datafield tag="010" ind1=" " ind2=" ">
    <subfield code="z">  2011012864</subfield>
  </datafield>
  <datafield tag="020" ind1=" " ind2=" ">
    <subfield code="z">9781118013861 (pbk.)</subfield>
  </datafield>
  <datafield tag="020" ind1=" " ind2=" ">
    <subfield code="z">9781118103081 (e-book)</subfield>
  </datafield>
  <datafield tag="020" ind1=" " ind2=" ">
    <subfield code="z">9781118103098 (e-book)</subfield>
  </datafield>
  <datafield tag="020" ind1=" " ind2=" ">
    <subfield code="z">9781118103067 (e-book)</subfield>
  </datafield>
  <datafield tag="040" ind1=" " ind2=" ">
    <subfield code="a">CaPaEBR</subfield>
    <subfield code="c">CaPaEBR</subfield>
  </datafield>
  <datafield tag="035" ind1=" " ind2=" ">
    <subfield code="a">(OCoLC)746879962</subfield>
  </datafield>
  <datafield tag="050" ind1="1" ind2="4">
    <subfield code="a">QA76.76.O63</subfield>
    <subfield code="b">H4958 2011eb</subfield>
  </datafield>
  <datafield tag="082" ind1="0" ind2="4">
    <subfield code="a">005.4/476</subfield>
    <subfield code="2">23</subfield>
  </datafield>
  <datafield tag="100" ind1="1" ind2=" ">
    <subfield code="a">Hester, Matthew,</subfield>
    <subfield code="d">1971-</subfield>
  </datafield>
  <datafield tag="245" ind1="1" ind2="0">
    <subfield code="a">Automating Microsoft Windows server 2008 R2 with Windows Powershell 2.0</subfield>
    <subfield code="h">[electronic resource] /</subfield>
    <subfield code="c">Matthew Hester, Sarah Dutkiewicz.</subfield>
  </datafield>
  <datafield tag="260" ind1=" " ind2=" ">
    <subfield code="a">Indianapolis :</subfield>
    <subfield code="b">Wiley Pub.,</subfield>
    <subfield code="c">2011.</subfield>
  </datafield>
  <datafield tag="300" ind1=" " ind2=" ">
    <subfield code="a">xx, 412 p. :</subfield>
    <subfield code="b">ill. (some col.)</subfield>
  </datafield>
  <datafield tag="500" ind1=" " ind2=" ">
    <subfield code="a">Includes index.</subfield>
  </datafield>
  <datafield tag="505" ind1="8" ind2=" ">
    <subfield code="a">Machine generated contents note: Chapter 1: What is PowerShell and Why Do You Need It?Chapter 2: Installing and Configuring PowerShell 2.0.Chapter 3: PowerShell Grammar Lesson.Chapter 4: Aliases, Functions, and the Pipe. Oh My!Chapter 5: Creating Your Own Scripts.Chapter 6: Remoting with PowerShell 2.0.Chapter 7: PowerShell and the Server.Chapter 8: Managing Active Directory with PowerShell.Chapter 9: Managing Desktops with Server PowerShell.Chapter 10: Manage IIS Web Server with PowerShell.Chapter 11: PowerShell and Deployment Services.Chapter 12: PowerShell and Virtualization.</subfield>
  </datafield>
  <datafield tag="520" ind1=" " ind2=" ">
    <subfield code="a">"Learn to automate the top server operating system, Windows Server 2008 R2Windows PowerShell 2.0 allows you to automate nearly any task for managing Windows Server, going from dozens of clicks to a single command, and repeated tasks to automated tasks. Using screen shots and helpful exercises, this book walks you through the many benefits of automating Windows Server with PowerShell 2.0, such as allowing for scalable, flexible, and rapid deployments and changes; increasing cost effectiveness; providing a timely return on IT investment; lowering labor headcount; creating secure computing environments; and establishing reliable enterprise infrastructures. In addition, real-world examples provide reinforced learning, aimed at ensuring that you work as efficiently and effectively as possible by automating both simple and complex administrative tasks with Powershell 2.0. Explains how to automate both simple and complex tasks in Windows Server 2008 R2 with Powershell 2.0 Addresses how Windows Server 2008 R2 comes with more than 550 cmdlets, allowing you to automate nearly anything Offers numerous real-world examples, end-of-chapter exercises, and helpful screen shots to reinforce your learning process The power is in your hands! Start working smarter, not harder, by automating Windows Server 2008 R2 tasks with Powershell 2.0"--</subfield>
    <subfield code="c">Provided by publisher.</subfield>
  </datafield>
  <datafield tag="533" ind1=" " ind2=" ">
    <subfield code="a">Electronic reproduction.</subfield>
    <subfield code="b">Palo Alto, Calif. :</subfield>
    <subfield code="c">ebrary,</subfield>
    <subfield code="d">2011.</subfield>
    <subfield code="n">Available via World Wide Web.</subfield>
    <subfield code="n">Access may be limited to ebrary affiliated libraries.</subfield>
  </datafield>
  <datafield tag="630" ind1="0" ind2="0">
    <subfield code="a">Microsoft Windows server.</subfield>
  </datafield>
  <datafield tag="650" ind1=" " ind2="0">
    <subfield code="a">Operating systems (Computers)</subfield>
  </datafield>
  <datafield tag="650" ind1=" " ind2="0">
    <subfield code="a">Windows PowerShell (Computer program language)</subfield>
  </datafield>
  <datafield tag="655" ind1=" " ind2="7">
    <subfield code="a">Electronic books.</subfield>
    <subfield code="2">local</subfield>
  </datafield>
  <datafield tag="700" ind1="1" ind2=" ">
    <subfield code="a">Dutkiewicz, Sarah.</subfield>
  </datafield>
  <datafield tag="710" ind1="2" ind2=" ">
    <subfield code="a">ebrary, Inc.</subfield>
  </datafield>
  <datafield tag="856" ind1="4" ind2="0">
    <subfield code="u">http://site.ebrary.com/lib/rucke/Doc?id=10484783</subfield>
    <subfield code="z">An electronic book accessible through the World Wide Web; click to view</subfield>
  </datafield>
  <datafield tag="999" ind1=" " ind2=" ">
    <subfield code="c">121002</subfield>
    <subfield code="d">121002</subfield>
  </datafield>
</record>
